Statistiques concernant Tous les Nyan de Yo-kai Watch 1

Cliquez ici pour prendre le quiz!

Statistiques générales

  • Ce quiz a été pris 235 fois
  • Le résultat moyen est 8 sur 11

Statistiques - réponses

TribuNom% Correct
MignonJibanyan
98%
LégendaireShogunyan
86%
MignonBandinyan
75%
MignonEpinyan
75%
CostaudRobonyan
74%
MignonRubinyan
71%
MignonSaphinyan
70%
MignonDiamanyan
69%
MignonEmeranyan
65%
CostaudOronyan
65%
MignonTopanyan
65%

Distribution des résultats

Percentile par nombre de réponses

% des personnes avec chaque résultat

Votre développement - résultats

Vous n’avez pas pris ce quiz